00543nam a2200145Ia 4500008004100000100001700041245006600058250001100124260004300135300002000178650003300198650003100231999001900262952011600281180815s9999 xx 000 0 und d aBallada, Win cWin Ballada, Susan Ballada.--aIncome and business taxation / a1st ed aPhilippines:bDomDane Publishersc2010 axiv, 296 pages. abusiness tax -- Philippines. aIncome tax -- Philippines. c358348d358348 001040aCLbCLcFILd2018-08-15eDonationl0oKPM 2832 .B188 2010pC21605r2018-08-15 00:00:00w2018-08-15yBK